LEADER 00911nam0 2200265 450 001 000018590 005 20081117134840.0 100 $a20081031d2008----km-y0itay50------ba 101 0 $aita 102 $aIT 105 $ay-------001yy 200 1 $aStrutture in cemento armato$ebasi della progettazione$fEdoardo Cosenza, Gaetano Manfredi, Marisa Pecce 210 $aMilano$cHoepli$d2008 215 $aXIII, 336 p.$cill.$d27 cm 500 10$aStrutture in cemento armato$932854 610 1 $aStrutture in cemento armato$aProgettazione 676 $a624.18341$v21$9Ingegneria strutturale. Cemento armato 700 1$aCosenza,$bEdoardo$09423 701 1$aManfredi,$bGaetano$0291137 701 1$aPecce,$bMarisa$0291136 801 0$aIT$bUNIPARTHENOPE$c20081031$gRICA$2UNIMARC 912 $a000018590 951 $aP1 624-S/4$b40944$cPIST$d2008 996 $aStrutture in cemento armato$932854 997 $aUNIPARTHENOPE LEADER 01227nam2 22002891i 450 001 UON00525185 005 20240614020631.939 100 $a20240614d1966 |0itac50 ba 101 $aita 102 $aIT 105 $a|||| ||||| 200 1 $aArte dell'Africa e dell'Oceania$friduzione a cura di Francesco Abbate 210 $aMilano$cFabbri$dİ1966 215 $a157 p.$cill.$d20 cm. 461 1$1001UON00524841$12001 $aStoria universale dell'arte$f[riduzione a cura di Francesco Abbate]$ghanno collaborato Maurizio Bonicatti ... [et al.]$1210 $aMilano$cFratelli Fabbri$d1966$1215 $a40 volumi$cill.$d20 cm.$v40 606 $aArte$xAfrica$3UONC103684$2FI 606 $aArte$xOceania$3UONC013506$2FI 606 $aArte africana$3UONC019423$2FI 620 $aIT$dMilano$3UONL000005 676 $a709.6$cArte. Africa$v21 676 $a709.95$cARTE - Oceania$v21 801 $aIT$bSOL$c20251003$gRICA 899 $aSIBA - SISTEMA BIBLIOTECARIO DI ATENEO$2UONSI 912 $aUON00525185 950 $aSIBA - SISTEMA BIBLIOTECARIO DI ATENEO$dSI MANUALI 01 (40) $eSI LO 3942/m1 7 (40) 996 $aArte dell'Africa e dell'Oceania$91483061 997 $aUNIOR